|
|
|
|
| LEADER |
00699cam a2200193 7i4500 |
| 001 |
0000009705 |
| 005 |
20090930090000.0 |
| 020 |
|
|
|a 9780131464490
|
| 020 |
|
|
|a 0131464493 (pbk.)
|
| 090 |
0 |
0 |
|a QA276.12
|b .S85 2005
|
| 100 |
1 |
|
|a Sullivan, Michael
|
| 245 |
0 |
0 |
|a Fundamentals of statistics
|c Michael Sullivan.
|
| 260 |
|
|
|a Upper Saddle River, New Jersey:
|b Pearson Prentice Hall,
|c 2005.
|
| 300 |
|
|
|a xxxi, 530 p.:
|b col. ill.;
|c 28 cm.
|
| 500 |
|
|
|a Includes index
|
| 501 |
|
|
|a With CD-ROM : Fundamentals of statistics / Michael Sullivan
|
| 650 |
0 |
0 |
|a Statistics
|
| 999 |
|
|
|a 0000016243
|b BOK
|c OPEN SHELF
|e 2nd Floor, Bestari Jaya
|
| 999 |
|
|
|a CDR0000461
|b CD-ROM
|c OPEN SHELF
|e Circulation Counter, Bestari Jaya
|